000 00741nam a22002537a 4500
005 20170124110017.0
010 _aB-058556
020 _c00.00
_a8176482951
035 _aB-058556
037 _bCen Lib/Ret
040 _aDPL
_bEN
082 _a303.625
_bRED
100 _aReddy, L.R.
_915358
245 _aThe worst of global terrorism /
_cby L.R.Reddy
260 _aNew Delhi
_bAPH Publishing Corporation
_c2002
270 _bNew Delhi
_a5, Ansari Road, Daryaganj
_e110002
300 _avi,457p.
_c22cm(Hb)
500 _aIncludes index
650 _aTerrorism -- Religious aspects.
_918883
650 _aTerrorism.
_x
_918884
650 _v
_9109744
650 _v
_9109745
942 _2ddc
_cEN
_h303.625
_mRED
999 _c126928
_d126928